<?xml version="1.0" encoding="UTF-8"?>
<record
    xmlns:xsi="http://www.w3.org/2001/XMLSchema-instance"
    xsi:schemaLocation="http://www.loc.gov/MARC21/slim http://www.loc.gov/standards/marcxml/schema/MARC21slim.xsd"
    xmlns="http://www.loc.gov/MARC21/slim">

  <leader>07199nam a2200517Ii 4500</leader>
  <controlfield tag="001">DIGVISR0009</controlfield>
  <controlfield tag="003">NyNyDIG</controlfield>
  <controlfield tag="008">140611s2007    sp a    ob    100 0 spa d</controlfield>
  <controlfield tag="006">m     o  d        </controlfield>
  <controlfield tag="007">cr |||||||||||</controlfield>
  <datafield tag="035" ind1=" " ind2=" ">
    <subfield code="a">(OCoLC)896831630</subfield>
  </datafield>
  <datafield tag="040" ind1=" " ind2=" ">
    <subfield code="a">DGITA</subfield>
    <subfield code="b">eng</subfield>
    <subfield code="e">rda</subfield>
    <subfield code="e">pn</subfield>
    <subfield code="c">DGITA</subfield>
  </datafield>
  <datafield tag="020" ind1=" " ind2=" ">
    <subfield code="z">9788475227009</subfield>
  </datafield>
  <datafield tag="020" ind1=" " ind2=" ">
    <subfield code="z">8475227007</subfield>
  </datafield>
  <datafield tag="043" ind1=" " ind2=" ">
    <subfield code="a">e-sp---</subfield>
  </datafield>
  <datafield tag="050" ind1="1" ind2="4">
    <subfield code="a">PN2784  eBook</subfield>
  </datafield>
  <datafield tag="110" ind1="2" ind2=" ">
    <subfield code="a">Centro de Investigaci&#xF3;n de Semi&#xF3;tica Literaria, Teatral y Nuevas Tecnolog&#xED;as.</subfield>
    <subfield code="b">Seminario Internacional</subfield>
    <subfield code="n">(16th :</subfield>
    <subfield code="d">2006 :</subfield>
    <subfield code="c">Madrid, Spain)</subfield>
  </datafield>
  <datafield tag="245" ind1="1" ind2="0">
    <subfield code="a">An&#xE1;lisis de espect&#xE1;culos teatrales (2000-2006) :</subfield>
    <subfield code="b">actas del XVI Seminario internacional del Centro de Investigaci&#xF3;n de Semi&#xF3;tica Literaria, Teatral y Nuevas Tecnolog&#xED;as /</subfield>
    <subfield code="c">Jos&#xE9; Romera Castillo (ed.) ; con la colaboraci&#xF3;n de Francisco Guti&#xE9;rrez Carbajo.</subfield>
  </datafield>
  <datafield tag="246" ind1="3" ind2=" ">
    <subfield code="a">Actas del XVI Seminario internacional del Centro de Investigaci&#xF3;n de Semi&#xF3;tica Literaria, Teatral y Nuevas Tecnolog&#xED;as </subfield>
  </datafield>
  <datafield tag="246" ind1="3" ind2=" ">
    <subfield code="a">actas del 16. Seminario internacional del Centro de Investigaci&#xF3;n de Semi&#xF3;tica Literaria, Teatral y Nuevas Tecnolog&#xED;as </subfield>
  </datafield>
  <datafield tag="246" ind1="3" ind2=" ">
    <subfield code="a">actas del D&#xE9;cimosexto Seminario internacional del Centro de Investigaci&#xF3;n de Semi&#xF3;tica Literaria, Teatral y Nuevas Tecnolog&#xED;as </subfield>
  </datafield>
  <datafield tag="264" ind1=" " ind2="1">
    <subfield code="a">Madrid :</subfield>
    <subfield code="b">Visor Libros,</subfield>
    <subfield code="c">[2007]</subfield>
  </datafield>
  <datafield tag="300" ind1=" " ind2=" ">
    <subfield code="a">1 online resource (567 pages) :</subfield>
    <subfield code="b">illustrations</subfield>
  </datafield>
  <datafield tag="336" ind1=" " ind2=" ">
    <subfield code="a">text</subfield>
    <subfield code="b">txt</subfield>
    <subfield code="2">rdacontent</subfield>
  </datafield>
  <datafield tag="337" ind1=" " ind2=" ">
    <subfield code="a">computer</subfield>
    <subfield code="b">c</subfield>
    <subfield code="2">rdamedia</subfield>
  </datafield>
  <datafield tag="338" ind1=" " ind2=" ">
    <subfield code="a">online resource</subfield>
    <subfield code="b">cr</subfield>
    <subfield code="2">rdacarrier</subfield>
  </datafield>
  <datafield tag="490" ind1="1" ind2=" ">
    <subfield code="a">Biblioteca filol&#xF3;gica hispana ;</subfield>
    <subfield code="v">99</subfield>
  </datafield>
  <datafield tag="504" ind1=" " ind2=" ">
    <subfield code="a">Includes bibliographical references.</subfield>
  </datafield>
  <datafield tag="505" ind1="0" ind2=" ">
    <subfield code="a">Presentaci&#xF3;n -- 1. Seminarios Internacionales -- 2. La revista -- 3. Publicaci&#xF3;n de textos teatrales -- 4. Reconstrucci&#xF3;n de la vida esc&#xE9;nica -- 5. Agradecimientos -- Sobre mis puestas en escena en la Compa&#xF1;&#xED;a Nacional de Teatro Cl&#xE1;sico / Jos&#xE9; Luis Alonso de Santos -- Formas de presencia del director en mis obras / Pilar Campos Gallego -- Teatro de ideas / teatro de acci&#xF3;n: el "ensayo" como paradiagma teatral / &#xD3;scar Cornago -- Texto y escenograf&#xED;a. El espacio esc&#xE9;nicoen Sainetes,de Ram&#xF3;n de la Cruz (CNTC, 2006) / Fernando Dom&#xE9;nech Rico -- La presencia de los autores cl&#xE1;sicos en la escena espa&#xF1;ola y extranjera (2000-2005) / Luciano Garc&#xED;a Lorenzo -- Una representaci&#xF3;n fragmentada: Sangre lunar, de Sanchis Sinisterra / Francisco Guti&#xE9;rrez Carbajo -- Decorado y escenograf&#xED;a (de lo pintado a lo vivo) / Jer&#xF3;nimo L&#xF3;pez Mozo -- Reflexiones a partir de tres puestas en escena de mis textos / Gracia Morales -- Valle-Incl&#xE1;n en la escena institucional del siglo XXI / C&#xE9;sar Oliva -- Historia de una escaleraen 2003: representaci&#xF3;n y recepci&#xF3;n / Mariano de Paco -- Teatro Visible: gays, lesbianas y transexuales en los programas de 2005 y 2006 del Festival VISIBLE / Pablo Peinado C&#xE9;spedes -- Motivos y estrategias en Romance de lobos:el aullido de la independencia / Carlos Alba Peinado -- Dramaturgia, espa&#xE7;o teatral e a cidade. Reflex&#xF5;es sobre Assombra&#xE7;&#xF5;es do Recife Velho, de Newton Moreno / Jos&#xE9; Simoes de Almeida Junior -- El fantasma de la Ant&#xED;gona bergaminiana en la puesta en escena de Guillermo Heras / Paola Ambrosi -- Propuesta de an&#xE1;lisis de un espect&#xE1;culo teatral en un marco pedag&#xF3;gico: Medea, la extranjera, de Atalaya Teatro / Consuelo Ansino Torres, Mar&#xED;a Auxiliadora Moreno Moreno, Mar&#xED;a Dolores Puerta Ag&#xFC;era. -- Pero... &#xBF;d&#xF3;nde est&#xE1; la obra? En un lugar de Manhattan y el concepto de teatro de Cervantes / Ver&#xF3;nica Azcue Castill&#xF3;n -- </subfield>
  </datafield>
  <datafield tag="505" ind1="0" ind2=" ">
    <subfield code="a">Dramaturgia de la recepci&#xF3;n en La vida es sue&#xF1;o / La vita &#xE8; sogno, de Lenz Rifrazioni / Mar&#xED;a Giovanna Biscu, Mercedes Ariza, Mar&#xED;a Isabel Fern&#xE1;ndez Garc&#xED;a. -- La Traviata en el siglo XXI: nuevas concepciones de la puesta en escena del drama verdiano / Mar&#xED;a Bonilla Agudo -- La soledad inconclusa del teatro venezolano / Jos&#xE9; Ram&#xF3;n Castillo Fern&#xE1;ndez -- An&#xE1;lisis de la puesta en escena de En el t&#xFA;nel un p&#xE1;jaro, de Paloma Pedrero / Isabel D&#xED;ez M&#xE9;nguez -- El an&#xE1;lisis del actor en la representaci&#xF3;n esc&#xE9;nica: discursos corporales en los albores del siglo XXI / Mart&#xED;n Bienvenido Fons Sastre -- Sobre la puesta en escena de Guernica, de Jer&#xF3;nimo L&#xF3;pez Mozo, en el siglo XXI / Raquel Garc&#xED;a Pascual -- Heiner M&#xFC;ller y la puesta en escena espa&#xF1;ola del siglo XXI / Bego&#xF1;a G&#xF3;mez S&#xE1;nchez -- Secularizaci&#xF3;n y mensaje pol&#xED;tico en la representaci&#xF3;n de El Gran Teatro del Mundo, de Calder&#xF3;n, por la Corporaci&#xF3;n Teatro del Valle (El Paso, Texas, febrero 2004) / Encarnaci&#xF3;n Ju&#xE1;rez Almendros -- Si el p&#xFA;blico no acude al teatro, el teatro busca al p&#xFA;blico. Experiencias de caf&#xE9;-teatro en Cheste (Valencia) en 2005 y 2006 / Enrique Mar&#xED;n Viadel -- Cervantes en la Compa&#xF1;&#xED;a Nacional de Teatro Cl&#xE1;sico (2000-2005) / Pedro Moraelche Tejada -- Entremeses variados, de Jes&#xFA;s Campos Garc&#xED;a: parodia y recreaci&#xF3;n de un g&#xE9;nero teatral / Berta Mu&#xF1;oz C&#xE1;liz -- El teatro breve y la puesta en escena: Los siete pecados capitales,espect&#xE1;culo dirigido por Alfonso Zurro / Mar&#xED;a Jus&#xFA;s Orozco Vera -- Del lado de all&#xE1;: el teatro de Eduardo Rovner en Espa&#xF1;a de la mano del Aula de Teatro de la Universidad de Murcia / Nieves P&#xE9;rez Abad -- Sobre Horacios y Curiacioso la guerra por narices / Gemma Quintana Ramos -- Irreversible: una respuesta a la destrucci&#xF3;n del arte / Mar Rebollo Calzada -- La torna de un buf&#xF3;n / Juan Carlos Romero Molina -- El gran teatro del mundo:un montaje transatl&#xE1;ntico producido en Cali por la Corporaci&#xF3;n Teatro del Valle / Mar&#xED;a Reina Ruiz Lluch -- Radio Clandestina: Ascanio Celestini y su voz de voces / Marina Salfilippo -- La estrategia ceremonial: Carta de amor (como un suplicio chino), de Fernando Arrabal / Diego Santos S&#xE1;nchez -- &#xDA;ltimas propuestas esc&#xE9;nicas de Matarile Teatro / Guadalupe Soria Tom&#xE1;s -- A tri(penta)logia de Os Sert&#xF5;es,de Jos&#xE9; Celso Martinez Corr&#xEA;a: comunica&#xE7;&#xE3;o e carnavaliza&#xE7;&#xE3;o / Marleine Paula Marcondes, Roberto Samuel Sanches -- Publicaciones del Centro de Investigaci&#xF3;n de Semi&#xF3;tica Literaria, Teatral y Nuevas Tecnolog&#xED;as / Jos&#xE9; Romera Castilla.</subfield>
  </datafield>
  <datafield tag="588" ind1="0" ind2=" ">
    <subfield code="a">Online resource; title from ePub and PDF title page (Digitalia, viewed June 13, 2014)</subfield>
  </datafield>
  <datafield tag="650" ind1=" " ind2="0">
    <subfield code="a">Theater</subfield>
    <subfield code="z">Spain</subfield>
    <subfield code="x">History</subfield>
    <subfield code="y">21st century</subfield>
    <subfield code="v">Congresses.</subfield>
  </datafield>
  <datafield tag="650" ind1=" " ind2="0">
    <subfield code="a">Spanish drama</subfield>
    <subfield code="y">21st century</subfield>
    <subfield code="x">History and criticism</subfield>
    <subfield code="v">Congresses.</subfield>
  </datafield>
  <datafield tag="650" ind1=" " ind2="0">
    <subfield code="a">Dramatic criticism</subfield>
    <subfield code="z">Spain</subfield>
    <subfield code="x">History</subfield>
    <subfield code="y">21st century</subfield>
    <subfield code="v">Congresses.</subfield>
  </datafield>
  <datafield tag="650" ind1=" " ind2="0">
    <subfield code="a">Theater</subfield>
    <subfield code="x">Semiotics</subfield>
    <subfield code="v">Congresses.</subfield>
  </datafield>
  <datafield tag="655" ind1=" " ind2="0">
    <subfield code="a">Electronic books.</subfield>
  </datafield>
  <datafield tag="700" ind1="1" ind2=" ">
    <subfield code="a">Romera Castillo, Jos&#xE9;,</subfield>
    <subfield code="d">1946-</subfield>
    <subfield code="e">editor.</subfield>
  </datafield>
  <datafield tag="700" ind1="1" ind2=" ">
    <subfield code="a">Guti&#xE9;rrez Carbajo, Francisco,</subfield>
    <subfield code="d">1946-</subfield>
    <subfield code="e">editor.</subfield>
  </datafield>
  <datafield tag="791" ind1="2" ind2=" ">
    <subfield code="a">Digitalia (Firm),</subfield>
    <subfield code="e">distributor.</subfield>
  </datafield>
  <datafield tag="793" ind1="0" ind2=" ">
    <subfield code="g">Digitalia eBook Collection:</subfield>
    <subfield code="a">Visor Libros.</subfield>
  </datafield>
  <datafield tag="776" ind1="0" ind2="8">
    <subfield code="i">Print version:</subfield>
    <subfield code="a">Centro de Investigaci&#xF3;n de Semi&#xF3;tica Literaria, Teatral y Nuevas Tecnolog&#xED;as. Seminario Internacional (16th : 2006 : Madrid, Spain)</subfield>
    <subfield code="t">An&#xE1;lisis de espect&#xE1;culos teatrales (2000-2006).</subfield>
    <subfield code="d">Madrid : Visor Libros, [2007]</subfield>
    <subfield code="z">9788475227009</subfield>
    <subfield code="w">(OCoLC)191081270</subfield>
  </datafield>
  <datafield tag="830" ind1=" " ind2="0">
    <subfield code="a">Biblioteca filol&#xF3;gica hispana ;</subfield>
    <subfield code="v">99.</subfield>
  </datafield>
  <datafield tag="856" ind1="4" ind2="0">
    <subfield code="3">Digitalia Hisp&#xE1;nica</subfield>
    <subfield code="u">https://www.digitaliapublishing.com/a/24154/</subfield>
  </datafield>
  <datafield tag="910" ind1=" " ind2=" ">
    <subfield code="a">Premium Collection: 2014</subfield>
  </datafield>
  <datafield tag="942" ind1=" " ind2=" ">
    <subfield code="c">RAA</subfield>
  </datafield>
  <datafield tag="952" ind1=" " ind2=" ">
    <subfield code="0">0</subfield>
    <subfield code="1">0</subfield>
    <subfield code="4">0</subfield>
    <subfield code="7">0</subfield>
    <subfield code="8">DEH</subfield>
    <subfield code="a">BD-UIN</subfield>
    <subfield code="b">BD-UIN</subfield>
    <subfield code="d">2025-04-25</subfield>
    <subfield code="l">0</subfield>
    <subfield code="r">2025-04-25</subfield>
    <subfield code="w">2025-04-25</subfield>
    <subfield code="y">RAA</subfield>
  </datafield>
  <datafield tag="999" ind1=" " ind2=" ">
    <subfield code="c">238178</subfield>
    <subfield code="d">238178</subfield>
  </datafield>
</record>
